| 000 | 00000nam##2200000za#4500 |
| 001 | 9.618851 |
| 003 | CaOODSP |
| 005 | 20210615103109 |
| 007 | ta |
| 008 | 150406|2006||||xxc||||| f|0| 0 eng|d |
| 022 | |a0706-6457 |
| 040 | |aCaOODSP|beng |
| 043 | |an-cn--- |
| 086 | 1 |aFs97-6/2664E |
| 110 | 1 |aCanada. |bDepartment of Fisheries and Oceans. |
| 245 | 10|aReview of approaches for estimating changes in productive capacity from whole-lake/stream destruction and related compensation projects / |cby G.A. Packman ... [et al.] |
| 260 | |aOttawa - Ontario : |bFisheries and Oceans Canada |c2006. |
| 300 | |av, 145p. : |btables ; |c28 cm. |
| 490 | 1 |aCanadian technical report of fisheries and aquatic sciences|x0706-6457|vNo. 2664 |
| 500 | |a"Habitat Protection and Sustainable Development, Fisheries and Oceans Canada, 200 Kent Street, Ottawa ON K1A 0E6". |
| 520 | 3 |aThe objective is to explore approaches and options for the development of a protocol, or protocols, for estimating changes in the productive capacity of fish habitat that result from whole-lake / stream destruction and associated compensation projects. |
| 546 | |a(Résumé en français.) |
| 563 | |aSpiral binding |
| 590 | |a08-23|b2008-06-06 |
| 720 | 1 |aPackman, G.A. |
| 776 | 0#|tReview of approaches for estimating changes in productive capacity from whole-lake/stream destruction and related compensation projects / |w(CaOODSP)9.574214 |
| 830 | #0|aCanadian technical report of fisheries and aquatic sciences,|x0706-6457|vNo. 2664|w(CaOODSP)9.514691 |